[Event "España ch Sub-16 2008"]
[Site "Padron ESP"]
[Date "2008.07.20"]
[Round "1.49"]
[White "Rey Malde, Henrique"]
[Black "Alonso Macias, Victor"]
[Result "0-1"]
[WhiteElo "1568"]
[BlackElo "1977"]
[PlyCount "56"]
[EventDate "2008.07.20"]
[EventType "swiss"]
[EventRounds "9"]
[EventCountry "ESP"]
[Source "lmi"]
[SourceDate "2008.07.20"]

1. e4 d5 2. exd5 Nf6 3. Nc3 Nxd5 4. Bc4 e6 5. Qf3 Nb6 6. Bb3 Bd7 7. d3 Bc6 8.
Qg3 Qf6 9. Bf4 N8d7 10. a3 e5 11. Be3 Qe7 12. Nf3 f6 13. O-O-O Nc5 14. Ba2 Nca4
15. Nxa4 Nxa4 16. Bd2 Qd7 17. Rhe1 O-O-O 18. Bb3 Kb8 19. Bxa4 Bxa4 20. Bc3 Qc6
21. Kd2 e4 22. Nd4 Rxd4 23. Bxd4 Qxc2+ 24. Ke3 Bd6 25. Qxg7 Re8 26. Qf7 exd3+
27. Kf3 Qxd1+ 28. Rxd1 Bxd1# 0-1

[Event "España ch Sub-16 2008"]
[Site "Padron ESP"]
[Date "2008.07.20"]
[Round "1.50"]
[White "Conejero Sanchez, Alvaro"]
[Black "Crespo Ramos, Maria"]
[Result "1-0"]
[WhiteElo "1975"]
[BlackElo "1560"]
[PlyCount "69"]
[EventDate "2008.07.20"]
[EventType "swiss"]
[EventRounds "9"]
[EventCountry "ESP"]
[Source "lmi"]
[SourceDate "2008.07.20"]

1. e4 c5 2. Nf3 e6 3. d4 cxd4 4. Nxd4 Nf6 5. f3 Nc6 6. Nc3 Bb4 7. Ndb5 d5 8. a3
Bxc3+ 9. Nxc3 O-O 10. Bg5 d4 11. Ne2 Qa5+ 12. Qd2 Qxd2+ 13. Kxd2 Nd7 14. Nc1 e5
15. g4 b6 16. Bb5 Bb7 17. Nd3 a6 18. Bc4 b5 19. Ba2 Rac8 20. b4 Nd8 21. Bb3 Ne6
22. Bh4 Rc3 23. Bg3 Kh8 24. Bxe5 Nxe5 25. Nxe5 Ng5 26. Rhf1 f6 27. Nd3 Re8 28.
Rae1 Nxe4+ 29. fxe4 Rxe4 30. Nc5 Rxe1 31. Rxe1 g6 32. Nxb7 Rh3 33. Nd6 Rxh2+
34. Kd3 Rf2 35. Re8+ 1-0

[Event "España ch Sub-16 2008"]
[Site "Padron ESP"]
[Date "2008.07.20"]
[Round "2.1"]
[White "Alonso Rosell, Alvar"]
[Black "Gomez Dominguez, Xavier"]
[Result "1-0"]
[PlyCount "67"]
[EventDate "2008.07.20"]
[EventType "swiss"]
[EventRounds "9"]
[EventCountry "ESP"]
[Source "lmi"]
[SourceDate "2008.07.20"]
[WhiteElo "2393"]
[BlackElo "1977"]

1. d4 Nf6 2. c4 g6 3. Nc3 Bg7 4. g3 O-O 5. Bg2 d6 6. Nf3 Nbd7 7. O-O c6 8. e4
e5 9. b3 Qb6 10. Bb2 Re8 11. Re1 exd4 12. Na4 Qc7 13. Qxd4 Ne5 14. Nxe5 dxe5
15. Qc3 b6 16. Rad1 Bb7 17. Rd2 Rad8 18. Red1 c5 19. Qe3 Rxd2 20. Rxd2 Nd7 21.
Nc3 Nf8 22. Bh3 Bc8 23. Nd5 Qd8 24. Bxc8 Qxc8 25. Qg5 Ne6 26. Qe7 Nd4 27. Bxd4
exd4 28. Qxa7 Qg4 29. f4 Qf3 30. e5 Rd8 31. Qb7 Kh8 32. Qxb6 Rc8 33. Qb7 Rd8
34. Qc7 1-0

[Event "España ch Sub-16 2008"]
[Site "Padron ESP"]
[Date "2008.07.20"]
[Round "2.2"]
[White "Alonso Macias, Victor"]
[Black "Arribas Lopez, Angel"]
[Result "0-1"]
[PlyCount "68"]
[EventDate "2008.07.20"]
[EventType "swiss"]
[EventRounds "9"]
[EventCountry "ESP"]
[Source "lmi"]
[SourceDate "2008.07.20"]
[WhiteElo "1977"]
[BlackElo "2332"]

1. e4 c5 2. Nf3 d6 3. d4 cxd4 4. Nxd4 Nf6 5. Nc3 g6 6. Be3 Bg7 7. f3 O-O 8. Qd2
Nc6 9. Bc4 Bd7 10. O-O-O Rb8 11. Bb3 Na5 12. Bh6 Bxh6 13. Qxh6 b5 14. h4 e5 15.
Nde2 b4 16. Nd5 Nxb3+ 17. axb3 Nxd5 18. Rxd5 Be6 19. h5 Qc7 20. hxg6 fxg6 21.
Rxd6 Rfc8 22. Qd2 Bxb3 23. c3 bxc3 24. Nxc3 Qa5 25. Kb1 Rxc3 26. Qxc3 Qa2+ 27.
Kc1 Qa1+ 28. Kd2 Qxh1 29. Qxe5 Qxg2+ 30. Ke3 Qg1+ 31. Kd3 Qd1+ 32. Ke3 Qe1+ 33.
Kd3 Rf8 34. f4 Qg3+ 0-1

[Event "España ch Sub-16 2008"]
[Site "Padron ESP"]
[Date "2008.07.20"]
[Round "2.3"]
[White "Espinosa Aranda, Angel"]
[Black "Conejero Sanchez, Alvaro"]
[Result "1-0"]
[PlyCount "39"]
[EventDate "2008.07.20"]
[EventType "swiss"]
[EventRounds "9"]
[EventCountry "ESP"]
[Source "lmi"]
[SourceDate "2008.07.20"]
[WhiteElo "2313"]
[BlackElo "1975"]

1. e4 e6 2. d4 d5 3. Nc3 Bb4 4. e5 Ne7 5. a3 Bxc3+ 6. bxc3 c5 7. Qg4 O-O 8. Nf3
f5 9. exf6 Rxf6 10. Bg5 Qa5 11. Bxf6 Qxc3+ 12. Kd1 Ng6 13. Rb1 gxf6 14. Bd3 Kf7
15. Re1 Nc6 16. Re3 Qa5 17. Qh5 Kg7 18. Nh4 Nce7 19. Nxg6 hxg6 20. Bxg6 1-0

[Event "España ch Sub-16 2008"]
[Site "Padron ESP"]
[Date "2008.07.20"]
[Round "2.4"]
[White "Jimenez Fernandez, Alejandro"]
[Black "Senlle Caride, Miguel"]
[Result "1/2-1/2"]
[PlyCount "30"]
[EventDate "2008.07.20"]
[EventType "swiss"]
[EventRounds "9"]
[EventCountry "ESP"]
[Source "lmi"]
[SourceDate "2008.07.20"]
[WhiteElo "1971"]
[BlackElo "2289"]

1. d4 Nf6 2. Nf3 g6 3. c4 Bg7 4. Nc3 c5 5. d5 d6 6. e4 Bg4 7. Be2 Bxf3 8. Bxf3
O-O 9. O-O e6 10. dxe6 Nc6 11. exf7+ Rxf7 12. Bg5 Qf8 13. Qd2 Nd4 14. Be2 Re8
15. f3 Nh5 1/2-1/2

[Event "España ch Sub-16 2008"]
[Site "Padron ESP"]
[Date "2008.07.20"]
[Round "2.5"]
[White "Chueca Forcen, Alberto"]
[Black "Picazo Lopez, Ignacio"]
[Result "1-0"]
[PlyCount "273"]
[EventDate "2008.07.20"]
[EventType "swiss"]
[EventRounds "9"]
[EventCountry "ESP"]
[Source "lmi"]
[SourceDate "2008.07.20"]
[WhiteElo "2254"]
[BlackElo "1973"]

1. d4 d5 2. c4 e6 3. Nc3 Nf6 4. cxd5 exd5 5. Bg5 c6 6. e3 Be7 7. Qc2 O-O 8. Bd3
h6 9. Bh4 Nbd7 10. Nf3 Re8 11. O-O Ne4 12. Bxe7 Qxe7 13. Rab1 Ndf6 14. b4 Nxc3
15. Qxc3 Ne4 16. Qc2 Bd7 17. Ne5 Rac8 18. Rfc1 f6 19. Nxd7 Qxd7 20. Bxe4 dxe4
21. Qa4 b6 22. Rc2 Rc7 23. Qb3+ Qf7 24. Rbc1 Rec8 25. Kf1 Kf8 26. Qxf7+ Kxf7
27. b5 c5 28. dxc5 bxc5 29. Ke2 Ke6 30. a4 c4 31. a5 Rc5 32. b6 Rxa5 33. b7 Rb8
34. Rxc4 Ra2+ 35. Kf1 Rxb7 36. Rxe4+ Kf7 37. g3 g5 38. Kg2 Rbb2 39. Rf1 a5 40.
h4 a4 41. h5 a3 42. Ra4 Rb7 43. Ra6 g4 44. Rc1 Rd7 45. Rcc6 Rdd2 46. Ra7+ Ke8
47. Re6+ Kd8 48. Rxf6 Ke8 49. e4 Re2 50. e5 Rab2 51. Rxa3 Rxe5 52. Ra7 Rxh5 53.
Rc6 Rd2 54. Rh7 Rd8 55. Rg6 Rg5 56. Re6+ Kf8 57. Rexh6 Rd2 58. Rf6+ Kg8 59. Ra7
Rb2 60. Rf4 Rb6 61. Rc4 Rf6 62. Rb4 Rf7 63. Raa4 Rfg7 64. Rf4 Kh7 65. Kf1 Kh6
66. Ra8 Kh7 67. Re8 Ra7 68. Ree4 Rag7 69. Ke2 Kh6 70. Re8 Kh7 71. Ke3 Ra7 72.
Ree4 Rag7 73. Rf8 Ra5 74. Rff4 Rag5 75. Re6 Ra5 76. Ref6 Ra3+ 77. Ke2 Ra2+ 78.
Kf1 Ra1+ 79. Kg2 Ra2 80. R6f5 Kh6 81. Rd5 Ra6 82. Rff5 Kh7 83. Rh5+ Rh6 84.
Rhf5 Ra6 85. Rd8 Re6 86. Rff8 Kg6 87. Rf4 Kh7 88. Kf1 Ra6 89. Rf5 Re6 90. Rdf8
Ra6 91. Re5 Rb6 92. Ke2 Rb2+ 93. Ke3 Rb3+ 94. Ke4 Rb4+ 95. Kd3 Rb6 96. Rh5+ Rh6
97. Rh8+ Kxh8 98. Rxh6+ Kg8 99. Rf6 Kh7 100. Ke4 Rg5 101. Kf4 Rg7 102. Kf5 Rg8
103. Ke6 Rg5 104. Ke7 Kg7 105. Ke6 Ra5 106. Rf4 Rg5 107. Rf5 Rg6+ 108. Ke5 Kh7
109. Rf7+ Kg8 110. Rf4 Kg7 111. Kf5 Kf7 112. Rxg4 Rf6+ 113. Kg5 Rxf2 114. Ra4
Rb2 115. Ra7+ Kg8 116. g4 Rb5+ 117. Kh6 Rb6+ 118. Kh5 Rb5+ 119. g5 Rc5 120. Kh6
Rc2 121. Ra6 Rc8 122. Ra7 Rc2 123. Ra8+ Kf7 124. g6+ Ke7 125. Kg7 Rg2 126. Ra5
Re2 127. Rf5 Ke6 128. Rf3 Ke7 129. Kg8 Rg2 130. g7 Rg1 131. Re3+ Kd7 132. Rh3
Ke7 133. Kh7 Kf7 134. Rf3+ Ke7 135. g8=Q Rh1+ 136. Kg7 Rg1+ 137. Kh8 1-0

[Event "España ch Sub-16 2008"]
[Site "Padron ESP"]
[Date "2008.07.20"]
[Round "2.6"]
[White "Rioboo De Larriva, Alvaro"]
[Black "Sanchez Gonzalez, Sergio"]
[Result "0-1"]
[PlyCount "58"]
[EventDate "2008.07.20"]
[EventType "swiss"]
[EventRounds "9"]
[EventCountry "ESP"]
[Source "lmi"]
[SourceDate "2008.07.20"]
[WhiteElo "1964"]
[BlackElo "2228"]

1. e4 c5 2. d4 cxd4 3. c3 dxc3 4. Nxc3 e6 5. Nf3 a6 6. Bc4 Be7 7. O-O d6 8. Qe2
Nf6 9. Rd1 Nbd7 10. Bf4 b5 11. Bb3 Qb6 12. Rac1 O-O 13. Be3 Qb8 14. Nd4 Bb7 15.
Bxe6 fxe6 16. Nxe6 Rc8 17. Bf4 Nf8 18. Nd5 Nxd5 19. exd5 Ng6 20. Rxc8+ Bxc8 21.
Rd3 Bxe6 22. Qxe6+ Kh8 23. Qe4 Nxf4 24. Qxf4 Bf6 25. g4 Qe8 26. Rh3 Qg6 27. Kg2
Re8 28. Rf3 h6 29. h3 Re5 0-1

[Event "España ch Sub-16 2008"]
[Site "Padron ESP"]
[Date "2008.07.20"]
[Round "2.7"]
[White "Coll Ortega, Jordi"]
[Black "Rivas Crespo, Alexander"]
[Result "1/2-1/2"]
[PlyCount "108"]
[EventDate "2008.07.20"]
[EventType "swiss"]
[EventRounds "9"]
[EventCountry "ESP"]
[Source "lmi"]
[SourceDate "2008.07.20"]
[WhiteElo "2206"]
[BlackElo "1961"]

1. c4 Nf6 2. g3 g6 3. Bg2 Bg7 4. Nc3 O-O 5. d3 d6 6. Bg5 h6 7. Bd2 e5 8. e4 c6
9. Nge2 Be6 10. O-O d5 11. b3 dxc4 12. dxc4 Na6 13. h3 Qd7 14. Kh2 Rad8 15. Be3
Qxd1 16. Raxd1 b6 17. f4 Nb4 18. Rxd8 Rxd8 19. f5 Bc8 20. fxg6 fxg6 21. Bxh6
Ng4+ 22. hxg4 Bxh6 23. a3 Nc2 24. Rf6 Kg7 25. Rxc6 Bxg4 26. Rc7+ Rd7 27. Rxd7+
Bxd7 28. Ng1 Ne3 29. Nf3 Kf6 30. Bh3 Bc6 31. Nd5+ Bxd5 32. cxd5 Bf8 33. a4 Bb4
34. Kg1 Nc2 35. Bf1 Nd4 36. Nh2 Kg5 37. Bc4 a6 38. Bxa6 Nxb3 39. Bd3 Nc5 40.
Bc2 Nb7 41. Kf1 Nd6 42. Bd3 Nb7 43. Ke2 Na5 44. Nf3+ Kf6 45. Nd2 Kg5 46. Nf3+
Kf6 47. g4 g5 48. Nd2 Ke7 49. Bb5 Kf6 50. Kd3 Ke7 51. Nf3 Kf6 52. Kc2 Nb7 53.
Nd2 Na5 54. Nf1 Nb7 1/2-1/2

[Event "España ch Sub-16 2008"]
[Site "Padron ESP"]
[Date "2008.07.20"]
[Round "2.8"]
[White "Aranaz Murillo, Amalia"]
[Black "Adan Bermudez, Sergio"]
[Result "0-1"]
[PlyCount "30"]
[EventDate "2008.07.20"]
[EventType "swiss"]
[EventRounds "9"]
[EventCountry "ESP"]
[Source "lmi"]
[SourceDate "2008.07.20"]
[WhiteElo "1959"]
[BlackElo "2205"]

1. Nf3 c5 2. c4 b6 3. g3 Bb7 4. Bg2 g6 5. O-O Bg7 6. Nc3 Nc6 7. d3 d6 8. a3 e6
9. Qc2 Nge7 10. Rb1 O-O 11. b4 cxb4 12. axb4 d5 13. cxd5 Nxd5 14. Nxd5 Qxd5 15.
Nd2 Qxg2+ 0-1

[Event "España ch Sub-16 2008"]
[Site "Padron ESP"]
[Date "2008.07.20"]
[Round "2.9"]
[White "Pardo Simon, David"]
[Black "Alshameary Puente, Ismael"]
[Result "1-0"]
[PlyCount "43"]
[EventDate "2008.07.20"]
[EventType "swiss"]
[EventRounds "9"]
[EventCountry "ESP"]
[Source "lmi"]
[SourceDate "2008.07.20"]
[WhiteElo "2204"]
[BlackElo "1951"]

1. e4 d6 2. d4 Nf6 3. Nc3 c6 4. f4 Qa5 5. Bd2 e5 6. Nf3 Bg4 7. dxe5 dxe5 8.
fxe5 Nfd7 9. Nd5 Qd8 10. Ne3 Bxf3 11. Qxf3 Nxe5 12. Qg3 Ng6 13. O-O-O Bd6 14.
Ba5 Qxa5 15. Qxd6 Qg5 16. Kb1 Ne5 17. Nf5 Nbd7 18. Qb4 c5 19. Nd6+ Kf8 20. Qxb7
Rb8 21. Qxa7 Qf6 22. Bb5 1-0

[Event "España ch Sub-16 2008"]
[Site "Padron ESP"]
[Date "2008.07.20"]
[Round "2.10"]
[White "Villar Perez, Samuel"]
[Black "Herrera Delgado, Alejandro"]
[Result "0-1"]
[PlyCount "76"]
[EventDate "2008.07.20"]
[EventType "swiss"]
[EventRounds "9"]
[EventCountry "ESP"]
[Source "lmi"]
[SourceDate "2008.07.20"]
[WhiteElo "1937"]
[BlackElo "2204"]

1. d4 Nf6 2. Nf3 c5 3. c4 cxd4 4. Nxd4 e5 5. Nb5 d5 6. cxd5 Qa5+ 7. N5c3 b5 8.
Qc2 b4 9. Qa4+ Qxa4 10. Nxa4 Bd7 11. b3 Nxd5 12. e4 Nc7 13. Be3 Ne6 14. Nd2 Nc6
15. Nc4 Ncd4 16. O-O-O Rc8 17. Kb1 f6 18. f4 Bxa4 19. bxa4 exf4 20. Bxf4 Rd8
21. Bg3 Be7 22. Ne3 Nc5 23. Nd5 Nde6 24. e5 f5 25. Bb5+ Kf7 26. Rhf1 g6 27.
Nxb4 Ne4 28. Rxd8 Rxd8 29. Be1 Rd1+ 30. Kc2 Rxe1 31. Rxe1 Bxb4 32. Rd1 N4c5 33.
Kb2 Ke7 34. Bc4 Ba5 35. Ka3 Bc3 36. Rd5 a5 37. h3 Nd4 38. Rd6 Nc2# 0-1

[Event "España ch Sub-16 2008"]
[Site "Padron ESP"]
[Date "2008.07.20"]
[Round "2.11"]
[White "Galan Martin, Alejandro"]
[Black "Baragano Campa, David"]
[Result "0-1"]
[PlyCount "132"]
[EventDate "2008.07.20"]
[EventType "swiss"]
[EventRounds "9"]
[EventCountry "ESP"]
[Source "lmi"]
[SourceDate "2008.07.20"]
[WhiteElo "1925"]
[BlackElo "2177"]

1. e4 e6 2. d4 d5 3. exd5 exd5 4. Bd3 Bd6 5. Nc3 c6 6. Nge2 Qh4 7. Be3 Nh6 8.
Qd2 Ng4 9. g3 Qf6 10. O-O-O h6 11. Rde1 O-O 12. Nf4 Bf5 13. Bxf5 Qxf5 14. Nd3
Nd7 15. Bf4 Bxf4 16. Nxf4 Rae8 17. f3 Ngf6 18. Qd3 Qxd3 19. Nxd3 Re6 20. Kd2
Rfe8 21. Rxe6 fxe6 22. Re1 b6 23. Na4 Kf7 24. b3 Ke7 25. c3 Kd6 26. Ne5 Ng8 27.
Nxd7 Kxd7 28. Nb2 Rf8 29. Nd3 Kd6 30. Ne5 Ne7 31. Re2 c5 32. Kd3 Nc8 33. Re1 a6
34. Re3 Na7 35. Ng6 Rf6 36. Ne5 Nc6 37. a3 Na7 38. Ng4 Rf8 39. Ne5 Rc8 40. a4
cxd4 41. Kxd4 Rc7 42. Re2 a5 43. f4 b5 44. Rb2 bxa4 45. bxa4 Nc6+ 46. Nxc6 Rxc6
47. Kd3 Rc4 48. Rb7 g5 49. Rh7 gxf4 50. gxf4 Rxa4 51. Ke3 Re4+ 52. Kd3 Rxf4 53.
Rxh6 a4 54. Rh8 e5 55. h4 Rf3+ 56. Kc2 Rf2+ 57. Kd3 e4+ 58. Ke3 Rc2 59. h5
Rxc3+ 60. Kd2 Rh3 61. h6 Kc5 62. h7 Kd4 63. Kd1 Kd3 64. Kc1 e3 65. Rd8 e2 66.
Re8 Rxh7 0-1

[Event "España ch Sub-16 2008"]
[Site "Padron ESP"]
[Date "2008.07.20"]
[Round "2.12"]
[White "Gago Padreny, Ignacio"]
[Black "Colom Sienes, Eduardo"]
[Result "1-0"]
[PlyCount "37"]
[EventDate "2008.07.20"]
[EventType "swiss"]
[EventRounds "9"]
[EventCountry "ESP"]
[Source "lmi"]
[SourceDate "2008.07.20"]
[WhiteElo "2169"]
[BlackElo "1950"]

1. d4 Nf6 2. c4 g6 3. Nc3 d5 4. cxd5 Nxd5 5. e4 Nxc3 6. bxc3 Bg7 7. Nf3 c5 8.
Rb1 O-O 9. Be2 Qa5 10. O-O Qxa2 11. Bg5 cxd4 12. cxd4 Qa3 13. Rb3 Qd6 14. e5
Qc7 15. Qd2 Rd8 16. Bh6 Be6 17. Ra3 Bxe5 18. Nxe5 g5 19. Qxg5+ 1-0

[Event "España ch Sub-16 2008"]
[Site "Padron ESP"]
[Date "2008.07.20"]
[Round "2.13"]
[White "Garcia Molina, Francisco Miguel"]
[Black "Gutierrez Valero, Mario"]
[Result "1/2-1/2"]
[PlyCount "78"]
[EventDate "2008.07.20"]
[EventType "swiss"]
[EventRounds "9"]
[EventCountry "ESP"]
[Source "lmi"]
[SourceDate "2008.07.20"]
[WhiteElo "2144"]
[BlackElo "1945"]

1. e4 c5 2. Nf3 Nc6 3. Nc3 e5 4. Bc4 d6 5. d3 Be7 6. Nd2 Nf6 7. Nf1 O-O 8. Ne3
Nd7 9. Ncd5 Nb6 10. O-O Nxc4 11. dxc4 Bg5 12. c3 g6 13. Qc2 Be6 14. g3 Bh3 15.
Rd1 f5 16. exf5 gxf5 17. f4 exf4 18. Nxf4 Bxf4 19. gxf4 Qh4 20. Qf2 Qh6 21. Kh1
Kh8 22. Bd2 Rg8 23. Rg1 Qe6 24. Qf3 Bg4 25. Nxg4 fxg4 26. Qd5 Qxd5+ 27. cxd5
Ne7 28. c4 h5 29. Rae1 Nf5 30. Re6 Kh7 31. Rge1 Raf8 32. Bc3 g3 33. Bf6 h4 34.
Bg5 Rf7 35. hxg3 hxg3 36. Kg2 Kg7 37. Kh3 Rh8+ 38. Kg4 Rh2 39. R6e2 Rf2 1/2-1/2

[Event "España ch Sub-16 2008"]
[Site "Padron ESP"]
[Date "2008.07.20"]
[Round "2.14"]
[White "Remoli Sargues, Lidia"]
[Black "Pruja Ramirez De Cartagena, Marc"]
[Result "0-1"]
[PlyCount "98"]
[EventDate "2008.07.20"]
[EventType "swiss"]
[EventRounds "9"]
[EventCountry "ESP"]
[Source "lmi"]
[SourceDate "2008.07.20"]
[WhiteElo "1924"]
[BlackElo "2136"]

1. d4 Nf6 2. Bg5 e6 3. e4 h6 4. Bxf6 Qxf6 5. c3 d6 6. Bd3 Nd7 7. Ne2 g6 8. O-O
Qe7 9. Nd2 Bg7 10. f4 O-O 11. e5 Rd8 12. Nf3 b6 13. Be4 Rb8 14. Qa4 d5 15. Bd3
a6 16. Qd1 c5 17. Qe1 b5 18. b4 cxb4 19. cxb4 Nb6 20. a3 Nc4 21. Nc1 Qa7 22.
Nb3 Bb7 23. Nc5 Bf8 24. Qg3 Bxc5 25. bxc5 Kh7 26. Nh4 Rg8 27. Qh3 Bc8 28. g4
Kg7 29. Kh1 Nd2 30. Rf2 Ne4 31. Re2 b4 32. axb4 Rxb4 33. Bxe4 dxe4 34. Qc3 Qb7
35. Re3 Rd8 36. Rd1 a5 37. Ng2 Qd5 38. Rde1 Qc4 39. Qxc4 Rxc4 40. Rxe4 Bb7 41.
d5 Rxe4 42. Rxe4 Rxd5 43. Re1 Rd2 44. Rg1 Rc2 45. h3 a4 46. Kh2 a3 47. Kg3
Rxg2+ 48. Rxg2 Bxg2 49. Kxg2 a2 0-1

[Event "España ch Sub-16 2008"]
[Site "Padron ESP"]
[Date "2008.07.20"]
[Round "2.15"]
[White "Fernandez Garcia, Jose Miguel"]
[Black "Palomo Teruel, Xavier"]
[Result "1-0"]
[PlyCount "49"]
[EventDate "2008.07.20"]
[EventType "swiss"]
[EventRounds "9"]
[EventCountry "ESP"]
[Source "lmi"]
[SourceDate "2008.07.20"]
[WhiteElo "2135"]
[BlackElo "1931"]

1. e4 c5 2. Nf3 d6 3. d4 cxd4 4. Nxd4 Nf6 5. Nc3 a6 6. Bc4 e6 7. Be3 b5 8. Bb3
Bb7 9. f3 Nbd7 10. g4 Nc5 11. g5 Nh5 12. Qd2 Be7 13. O-O-O O-O 14. Nce2 g6 15.
Ng3 Ng7 16. h4 Nxb3+ 17. Nxb3 e5 18. Na5 Qc7 19. Kb1 Ne6 20. h5 Rfd8 21. Ne2 b4
22. Qxb4 Bc6 23. hxg6 fxg6 24. Bb6 Rdb8 25. Bxc7 1-0

[Event "España ch Sub-16 2008"]
[Site "Padron ESP"]
[Date "2008.07.20"]
[Round "2.16"]
[White "Navia Martin, Sergio"]
[Black "Martin Fuentes, Alberto"]
[Result "0-1"]
[PlyCount "108"]
[EventDate "2008.07.20"]
[EventType "swiss"]
[EventRounds "9"]
[EventCountry "ESP"]
[Source "lmi"]
[SourceDate "2008.07.20"]
[WhiteElo "1919"]
[BlackElo "2124"]

1. d4 Nf6 2. c4 e5 3. dxe5 Ng4 4. Nf3 Nc6 5. Bg5 Be7 6. Bxe7 Qxe7 7. e3 Ngxe5
8. Nxe5 Nxe5 9. Nc3 d6 10. Be2 O-O 11. O-O Be6 12. b3 f5 13. f4 Ng6 14. Qd4 Kh8
15. Rf3 a5 16. Rd1 Rae8 17. Rg3 Rf6 18. Bh5 Bf7 19. Nd5 Bxd5 20. cxd5 Qd7 21.
Bxg6 Rxg6 22. Rxg6 hxg6 23. Qc3 Qe7 24. Re1 b6 25. Qd4 g5 26. fxg5 Qxg5 27. Qd2
Re4 28. Re2 Re5 29. Qd3 Qe7 30. Kf1 Qf7 31. Rd2 Qh5 32. Kg1 Qh4 33. Rf2 Qf6 34.
Rf4 g6 35. g3 Qe7 36. Kf2 Kg8 37. h3 Qf7 38. Rd4 Re4 39. Kg2 Re7 40. h4 Qf6 41.
Rf4 Qb2+ 42. Rf2 Qe5 43. Rf3 Qe4 44. Qc4 Qxc4 45. bxc4 Re4 46. Rf4 Rxe3 47. g4
fxg4 48. Rxg4 Kf7 49. Rf4+ Kg7 50. Kf1 Ra3 51. Rf2 Rc3 52. Rf4 Rc2 53. a3 Rc3
54. Re4 Kf6 0-1

[Event "España ch Sub-16 2008"]
[Site "Padron ESP"]
[Date "2008.07.20"]
[Round "2.17"]
[White "Colon Garcia, Enrique"]
[Black "Millan Soto, Miguel"]
[Result "0-1"]
[PlyCount "80"]
[EventDate "2008.07.20"]
[EventType "swiss"]
[EventRounds "9"]
[EventCountry "ESP"]
[Source "lmi"]
[SourceDate "2008.07.20"]
[WhiteElo "2118"]
[BlackElo "1926"]

1. e4 e6 2. d4 d5 3. e5 b6 4. c3 Qd7 5. Nf3 c5 6. Bd3 Ba6 7. Bxa6 Nxa6 8. O-O
Ne7 9. Qe2 Nc7 10. Na3 Nc6 11. Nc2 h6 12. Bd2 Be7 13. b4 c4 14. a4 a6 15. Nfe1
O-O-O 16. f4 f5 17. exf6 gxf6 18. Nf3 Bd6 19. Qf2 Kb7 20. Qh4 Qh7 21. Ne3 Rdf8
22. Ng4 h5 23. Ne3 Be7 24. Qh3 b5 25. Nh4 f5 26. Nf3 Ne8 27. Ne5 Nxe5 28. dxe5
Nc7 29. Nc2 Rfg8 30. Nd4 Rg6 31. axb5 axb5 32. Ra5 Ra8 33. Rxa8 Kxa8 34. Ra1+
Kb7 35. Ra5 h4 36. Qf3 h3 37. g3 Bd8 38. Nxb5 Nxb5 39. Rxb5+ Ka6 40. Rb8 Qa7+
0-1

[Event "España ch Sub-16 2008"]
[Site "Padron ESP"]
[Date "2008.07.20"]
[Round "2.18"]
[White "Garcia Reino, Edardo Javier"]
[Black "Antolin Concha, Diego"]
[Result "0-1"]
[PlyCount "64"]
[EventDate "2008.07.20"]
[EventType "swiss"]
[EventRounds "9"]
[EventCountry "ESP"]
[Source "lmi"]
[SourceDate "2008.07.20"]
[WhiteElo "1915"]
[BlackElo "2115"]

1. e4 c5 2. Nc3 d6 3. f4 Nf6 4. Nf3 g6 5. Bb5+ Bd7 6. Bxd7+ Qxd7 7. O-O Bg7 8.
d3 O-O 9. Qe1 Nc6 10. h3 Rac8 11. Qh4 Nd4 12. Rf2 e6 13. Be3 Ne8 14. g4 f5 15.
Rb1 Nc7 16. exf5 exf5 17. Qg3 b6 18. a3 Nxf3+ 19. Qxf3 d5 20. Ne2 d4 21. Bc1
Qd5 22. c4 dxc3 23. bxc3 Rcd8 24. gxf5 Rxf5 25. Bb2 Qxd3 26. Qxd3 Rxd3 27. Kg2
Nd5 28. Rf3 Rd2 29. Kf2 Nxf4 30. Rxf4 Rxf4+ 31. Ke3 Rxb2 32. Rxb2 Rh4 0-1

[Event "España ch Sub-16 2008"]
[Site "Padron ESP"]
[Date "2008.07.20"]
[Round "2.19"]
[White "Marcos Pinto, Luis"]
[Black "Escudeiro Tilve, Ramon"]
[Result "1-0"]
[PlyCount "89"]
[EventDate "2008.07.20"]
[EventType "swiss"]
[EventRounds "9"]
[EventCountry "ESP"]
[Source "lmi"]
[SourceDate "2008.07.20"]
[WhiteElo "2115"]
[BlackElo "1925"]

1. e4 d6 2. d4 Nf6 3. Nc3 e5 4. Nf3 Nbd7 5. Bc4 Be7 6. dxe5 dxe5 7. Ng5 O-O 8.
Bxf7+ Rxf7 9. Ne6 Qe8 10. Nxc7 Qd8 11. Nxa8 b5 12. Bg5 Bb7 13. Bxf6 Nxf6 14.
Qxd8+ Bxd8 15. f3 b4 16. O-O-O Ba5 17. Nb5 Bxa8 18. Rd3 Nd7 19. Nd6 Re7 20. Nf5
Rf7 21. a3 Nc5 22. Re3 bxa3 23. Rxa3 Bb6 24. Rd1 Rc7 25. Rd8+ Kf7 26. Rxa8 Ne6
27. Nd6+ Ke7 28. Nc8+ Kf6 29. Nxb6 axb6 30. Rb8 Nd4 31. Rxb6+ Kg5 32. c3 Ne2+
33. Kc2 Nf4 34. g3 Ne2 35. Ra5 Nd4+ 36. Kd3 Nxf3 37. h3 Re7 38. Rbb5 Kf6 39.
Ke3 Ng5 40. h4 Nf7 41. Rb6+ Re6 42. Rxe6+ Kxe6 43. Ra6+ Ke7 44. Ra7+ Kf6 45.
Rxf7+ 1-0

[Event "España ch Sub-16 2008"]
[Site "Padron ESP"]
[Date "2008.07.20"]
[Round "2.20"]
[White "De Nacimiento Montano, Angel"]
[Black "Cubillo Munoz, Miguel"]
[Result "1-0"]
[PlyCount "61"]
[EventDate "2008.07.20"]
[EventType "swiss"]
[EventRounds "9"]
[EventCountry "ESP"]
[Source "lmi"]
[SourceDate "2008.07.20"]
[WhiteElo "2099"]
[BlackElo "1923"]

1. e4 c5 2. Nf3 Nc6 3. d4 cxd4 4. Nxd4 g6 5. Nc3 Bg7 6. Nb3 Nf6 7. Be2 O-O 8.
O-O d6 9. Re1 a6 10. Bf1 b5 11. Bg5 h6 12. Bh4 Be6 13. a4 b4 14. Nd5 g5 15. Bg3
Nd7 16. Rb1 Nb6 17. Qd2 f5 18. a5 Na4 19. exf5 Bxf5 20. Nxb4 Nxb4 21. Qxb4 Nxb2
22. Qa3 Bxc2 23. Rxb2 Bxb2 24. Qxb2 Bf5 25. Nd4 e5 26. Bc4+ Kg7 27. Qb7+ Kg6
28. Nxf5 Rxf5 29. Bd3 Qxa5 30. Bxf5+ Kf6 31. Qe4 1-0

[Event "España ch Sub-16 2008"]
[Site "Padron ESP"]
[Date "2008.07.20"]
[Round "2.21"]
[White "Pintor Munoz, Antonio"]
[Black "Otero Nogueira, Brais"]
[Result "1/2-1/2"]
[PlyCount "64"]
[EventDate "2008.07.20"]
[EventType "swiss"]
[EventRounds "9"]
[EventCountry "ESP"]
[Source "lmi"]
[SourceDate "2008.07.20"]
[WhiteElo "2076"]
[BlackElo "1917"]

1. d4 Nf6 2. c4 g6 3. Nc3 Bg7 4. e4 d6 5. Nf3 O-O 6. Be2 e5 7. O-O Nc6 8. d5
Ne7 9. b4 Nd7 10. c5 f5 11. Ba3 Nf6 12. Ng5 h6 13. Ne6 Bxe6 14. dxe6 fxe4 15.
cxd6 cxd6 16. b5 Nf5 17. Nd5 Re8 18. e7 Rxe7 19. Nxe7+ Qxe7 20. Bc4+ Kh7 21.
Qa4 e3 22. Rad1 exf2+ 23. Rxf2 Ne4 24. Bg8+ Kxg8 25. Qxe4 Rd8 26. Rd5 Kh7 27.
h4 h5 28. Rxf5 gxf5 29. Qxf5+ Kg8 30. Qxh5 Qf6 31. Qg5 Qxg5 32. hxg5 Bf8
1/2-1/2